000 00431nab a22001457 4500
003 ES-SlBCS
005 20240926131243.0
008 240926s2024 sp ||||| |||| 00| 0 spa d
040 _aES-SlBCS
_bspa
041 _aspa
100 1 _aVigueras, Alex Wilfredo
_9427110
245 1 0 _aOrar danzando en el desierto.
_cAlex Wilfredo Vigueras
773 0 _gNúm. 407, 2024, págs. 103-112
_tConcilium
_wRev134
_x0210-1041
942 _2lcc
_cAR
999 _c897994
_d897994